Politik dan kerajaan di Malaysia

Bibliographic Details
Main Author: Milne, R.S
Other Authors: Mauzy, Diane K
Format: Book
Published: Kuala Lumpur : DBP , 1982
Subjects:

MARC

LEADER 00000cam a2200000 7i4500
001 0000033636
002 000036315
005 20000331.0
020 |a T000003528 
090 0 0 |a 320.95951   |b MIL 
100 1 |a Milne, R.S 
245 1 0 |a Politik dan kerajaan di Malaysia   |c R.S.Milne dan Diane K.Mauzy 
260 |a Kuala Lumpur :   |b DBP ,   |c 1982 
300 |a 510p. ;   |c 22cm. 
651 0 |a Malaysia   |x Politics and government 
700 1 |a Mauzy, Diane K 
999 |a 0003721   |b BUKU   |c MALAYSIANA   |e PERPUSTAKAAN KOMUNITI PETALING JAYA